Datum a čas kvízu
22
Celkem bodů
Celkový počet nahraných bodů na tomto kvízu bez doplňovacích otázek.
10.
Pořadí na kvízu
Konečné umístění týmu na tomto kvízu.
Zaznamenané odpovědi
| # | Otázka | Odpověď | Body | Výsledky |
|---|---|---|---|---|
| 1. | Čím konkrétně se na úterním za... | měli na sobě kroje | 1 | |
| 2. | Dlouholetý kariérní diplomat a... | Kuba | 1 | |
| 3. | Česká národní banka vydala stř... | Bedřich Smetana | 0 | |
| 4. | Ředitelka české pobočky jedné... | 0 | ||
| 5. | LeBron James pokořil ve své 21... | 40 000 bodů | 1 | |
| 6. | Napište český i latinský název... | kost stehenní, femur (os femoris) | 1 | |
| 7. | Ve kterém českém městě najdeme... | v Brně | 0 | |
| 8. | Hlavní postava seriálu Sběrate... | Booth | 1 | |
| 9. | Kterému zvířeti patří tato kos... | ptakopyskovi | 0 | |
| 10. | V září roku 2012 byla pod park... | Richard III. | 0 |